Loreto College Library, Kolkata
WEBOPAC (ONLINE PUBLIC ACCESS CATALOGUE)

Rabindranather ganer chhabi (Record no. 40665)

MARC details
000 -LEADER
fixed length control field 00540nam a2200205 4500
005 - DATE AND TIME OF LATEST TRANSACTION
control field 20160713120722.0
008 - FIXED-LENGTH DATA ELEMENTS--GENERAL INFORMATION
fixed length control field 160713b xxu||||| |||| 00| 0 eng d
020 ## - ISBN | অাই এস বি এন
ISBN | অাই এস বি এন 8189323903
PRICE 700.00
040 ## - CATALOGING SOURCE
Original cataloging agency Loreto College
041 ## - LANGUAGE CODE
Language code Bengali
082 ## - DDC | ডিউই
Classification number | বর্গসংখ্যা TAG/891.44/
Book Number | গ্রন্থাঙ্ক TAG
100 ## - MAIN ENTRY--PERSONAL NAME | মুখ্য সংলেখ - ব্যাক্তিনাম
Personal name | ব্যাক্তিনাম Pathak, Ashis
245 ## - TITLE STATEMENT | অাখ্যা বিবরণী
Title | অাখ্যা Rabindranather ganer chhabi
Statement of responsibility | লেখকের দায়িত্বের বিবরণ Ashis Pathak
260 ## - IMPRINT | প্রকাশনা ক্ষেত্র
Place of publication | প্রকাশ স্থান Kolkata
Name of publisher | প্রকাশকের নাম Pratikshan
Date of publication | প্রকাশ কাল 2016
300 ## - PHYSICAL DESCRIPTION |
Page / Vol. No | পৃষ্ঠা / খন্ড সংখ্যা 144p
Other physical details | অনান্য বাহ্যিক বিবরণ 22cm
600 ## - SUBJECT ADDED ENTRY--PERSONAL NAME | বিষয় শিরোনাম - ব্যাক্তিনাম
Personal name | ব্যাক্তিনাম Tagore,Rabindranath
650 ## - SUBJECT ADDED ENTRY--TOPICAL TERM | বিষয় শিরোনাম - মূল বিষয়
Topical term | মূল বিষয় Tagore,Rabindranath-Paintings
850 ## - HOLDING INSTITUTION
Holding institution LCLIB
942 ## - ADDED ENTRY ELEMENTS (KOHA)
Koha item type Books
Holdings
Withdrawn status Lost status Source of classification Damaged status Not for loan Home library Current library Date acquired Price Total Checkouts Full call number Accession No. Date last seen Date checked out Price effective from Koha item type
    Dewey Decimal Classification     Loreto College Loreto College 13/07/2016 700.00 5 TAG/891.44/ TAG 51512 44336 22/12/2018 22/12/2018 13/07/2016 Books